Statistics for The Babysitter Netflix quiz

Click here to take the quiz!

General Stats

  • This quiz has been taken 15 times
  • The average score is 10 of 21

Answer Stats

HintAnswer% Correct
What is the main character's 5th choice for his intergalactic dream-team?Bee
91%
The babysitterBee
91%
What does the babysitter nickname the main character?C
91%
What is the main character's 4th choice for his intergalactic dream-team?Cole
91%
Main characterCole
91%
Killer - ExplodesSonya
91%
Killer - tallMax
82%
Killer - dies firstJohn
64%
Best friendMelanie
64%
Killer - wears yellowAllison
55%
How does main character kill killer - tall?Hang
27%
Who kills killer - wears yellow?The babysitter
27%
What did the babysitter promise the main character to give him when he's older?Car
18%
What is the main character's 2nd choice for his intergalactic dream-team?Data
18%
What was the last word the main character tells the babysitter?Goodbye
18%
What did the main character originally think they babysitter and the killers were going to do?Have an orgy
18%
What is the main character's 3rd choice for his intergalactic dream-team?Predator
18%
How does main character kill killer - dies first?push
18%
How does killer - wears yellow dies?shot in the head
18%
What happened when the main character and his best friend hide in the toilet?They kissed
18%
What is the main character's 1st choice for his intergalactic dream-team?Admiral Adama
9%

Score Distribution

Percentile by Number Answered

Percent of People with Each Score

Your Score History

You have not taken this quiz